Zrada československé buržoasie a jejich spojenců

Salvato in:
Dettagli Bibliografici
Natura: Libro
Lingua:ceco
Pubblicazione: Praha Mír 1951
Tags: Aggiungi Tag
Nessun Tag, puoi essere il primo ad aggiungerne!!

MARC

LEADER 00000nam a2200000 4500
001 0315207
005 20260302105750.3
041 0 |a cze 
044 |a CZ 
245 1 0 |a Zrada československé buržoasie a jejich spojenců  |c Zdeněk Fierlinger 
264 1 |a Praha  |b Mír  |c 1951